The teaching of history / (Record no. 752012)

MARC details
000 -LEADER
fixed length control field 00805nam a2200277 a 4500
001 - CONTROL NUMBER
control field vtls000926639
003 - CONTROL NUMBER IDENTIFIER
control field NLI
005 - DATE AND TIME OF LATEST TRANSACTION
control field 20210627085624.0
008 - FIXED-LENGTH DATA ELEMENTS--GENERAL INFORMATION
fixed length control field 110906s1954 enk 000 0 eng
039 #9 - LEVEL OF BIBLIOGRAPHIC CONTROL AND CODING DETAIL [OBSOLETE]
-- 201109062204
-- Vargis_01
040 0# - CATALOGING SOURCE
Original cataloging agency NLI
Language of cataloging eng
Transcribing agency Vergis_S
Description conventions AACR2
041 0# - LANGUAGE CODE
Language code of text/sound track or separate title eng
044 ## - COUNTRY OF PUBLISHING/PRODUCING ENTITY CODE
MARC country code enk
084 ## - OTHER CLASSIFICATION NUMBER
Classification number 148
100 1# - MAIN ENTRY--PERSONAL NAME
Personal name Ghate, V. D.
245 14 - TITLE STATEMENT
Title The teaching of history /
Statement of responsibility, etc. by V. D. Ghate
260 ## - PUBLICATION, DISTRIBUTION, ETC.
Place of publication, distribution, etc. London :
Name of publisher, distributor, etc. The University Press,
Date of publication, distribution, etc. 1954
300 ## - PHYSICAL DESCRIPTION
Extent 240 p. ;
Dimensions 18 cm.
440 #0 - SERIES STATEMENT/ADDED ENTRY--TITLE
Title Teaching in India series ;
Volume/sequential designation no.6
9 (RLIN) 759492
650 #0 - SUBJECT ADDED ENTRY--TOPICAL TERM
Topical term or geographic name entry element History
General subdivision Study and teaching (Secondary)
9 (RLIN) 840322
887 ## - NON-MARC INFORMATION FIELD
Content of non-MARC field
901 ## - LOCAL DATA ELEMENT A, LDA (RLIN)
a 309376 ;
b 04.05.1956
902 ## - LOCAL DATA ELEMENT B, LDB (RLIN)
a 148 G 2197
949 ## - LOCAL PROCESSING INFORMATION (OCLC)
-- VIRTUAITEM
-- 10000
-- 100
6 PUR000309376ENG
942 ## - ADDED ENTRY ELEMENTS (KOHA)
Source of classification or shelving scheme Dewey Decimal Classification
Koha item type Books
Holdings
Withdrawn status Lost status Damaged status Not for loan Home library Current library Date acquired Total Checkouts Full call number Barcode Date last seen Price effective from Koha item type
        National Library of India National Library of India     148 G 2197 PUR000309376ENG 27/06/2021 27/06/2021 Books
                                                                           
web counter

Copyright ©2020 The National Library of India, Govt. of India ↔ Hosted by NVLI, MOC ↔ Technology and Design by National Library of India, Ministry of Culture, Govt. of India